| 000 | 00808nam a2200205 a 4500 | ||
|---|---|---|---|
| 008 | 160405s2012 ||||||||||||||||| || u | ||
| 020 | _a9789350256466 | ||
| 050 | _aRD 561 Meh | ||
| 100 | _aMehta, Ajit Kumar | ||
| 245 | 1 | 0 |
_aStep by step high tibial osteotomy by hemicallotasis _cBy Ajit Kumar Mehta [and] Mangal Parihar |
| 260 |
_aNew Delhi: _bJaypee Brothers Medical publishers _c2012 |
||
| 300 | _axv, 96p.: ill. | ||
| 350 | _a30.00 | ||
| 500 | _aaccompanied by CD-ROM | ||
| 650 | _aEXTERNAL SKELETAL FIXATION (SURGERY) | ||
| 650 | _aKNEE--WOUNDS AND INJURIES | ||
| 650 | _aKNEE--SURGERY | ||
| 650 | _aOSTEOTOMY | ||
| 995 |
_aMEDICAL LIBRARY OPEN ACCESS _e903376 _FCBU-SCHOOL OF MEDICINE LIBRARY (Ndola) _I30.00 _jRD 561 Meh _M1 _UAVAILABLE _WApr 13, 2016 _y903376 _ZMedical Library Open Access Collection |
||
| 999 |
_c32757 _d32757 |
||